Environmental attitudes in selected contemporary Malaysian novels in English : an Eco-Marxist perspective /
Saved in:
| Main Author: | |
|---|---|
| Format: | Thesis Book |
| Language: | English |
| Published: |
2016.
|
| Subjects: | |
| Online Access: | http://studentsrepo.um.edu.my/id/eprint/6611 |
| Tags: |
Add Tag
No Tags, Be the first to tag this record!
|
| LEADER | 01517cam a2200361 i 4500 | ||
|---|---|---|---|
| 001 | u1037571 | ||
| 003 | SIRSI | ||
| 005 | 201608040952 | ||
| 008 | 160804s2016 my a m 000 0 eng | ||
| 040 | |a UMM |d AUM |e rda | ||
| 043 | |a a-my--- | ||
| 090 | |a PR13 |b UMP 2016 Zaiiz | ||
| 100 | 0 | |a Zainor Izat Zainal, |e author. | |
| 245 | 1 | 0 | |a Environmental attitudes in selected contemporary Malaysian novels in English : |b an Eco-Marxist perspective / |c Zainor Izat Zainal. |
| 264 | 1 | |c 2016. | |
| 264 | 4 | |c 2016. | |
| 300 | |a x, 243 leaves : |b illustrations ; |c 30 cm. | ||
| 336 | |a text |2 rdacontent | ||
| 337 | |a unmediated |2 rdamedia | ||
| 338 | |a volume |2 rdacarrier | ||
| 502 | |b Ph.D. |c Jabatan Inggeris, Fakulti Sastera dan Sains Sosial, Universiti Malaya |d 2016. | ||
| 504 | |a Bibliography: leaves 226-243. | ||
| 650 | 0 | |a Malaysian fiction (English) |x History and criticism. | |
| 650 | 0 | |a Environmental protection in literature. | |
| 650 | 0 | |a Environmental policy in literature. | |
| 650 | 0 | |a Nature conservation in literature. | |
| 650 | 0 | |a Ecology in literature. | |
| 710 | 2 | |a Universiti Malaya. |b Jabatan Bahasa Inggeris, |e degree granting institution. | |
| 856 | 4 | 1 | |u http://studentsrepo.um.edu.my/id/eprint/6611 |
| 900 | |a NSR NSM | ||
| 596 | |a 1 25 | ||
| 999 | |a PR13 UMP 2016 ZAIIZ |w LC |c 1 |i A516412229 |d 2/6/2017 |e 2/6/2017 |f 9/11/2016 |g 1 |l STACKS |m P01UTAMA |n 1 |r Y |s Y |t TESIS |u 7/11/2016 |1 STEM | ||
| 999 | |a PR13 UMP 2016 ZAIIZ |w LC |c 1 |i A517144912 |f 23/11/2022 |g 1 |l STACKS |m P25UMARCHI |r N |s Y |t CD |u 23/11/2022 |o .STAFF. MST-CD1145 | ||
